| 000 | 01169nam0a2200313 4500 | ||
|---|---|---|---|
| 001 | RU\NLR\bibl\1073327 | ||
| 005 | 20250615044038.0 | ||
| 010 |
_a978-5-8183-100-5 _93000 |
||
| 021 |
_aRU _b2007-419и _919и |
||
| 035 | _a(NLR Aleph) 001060540 | ||
| 090 |
_a935758 _c935758 |
||
| 100 | _a20070413d2007 |||y0rusy50 ca | ||
| 101 | 1 |
_arus _ceng |
|
| 102 | _aRU | ||
| 105 | _aa ||||||||| | ||
| 200 | 1 |
_aЖизнь в стиле ГлаМур-р-р _fДжон Ланд _gтекст Питера Стейна _g[пер. с англ. Н. Григорьевой] |
|
| 210 |
_aМосква _cФаир-Пресс _d2007 |
||
| 215 |
_a[4], 74, [2] с. _cцв. ил. _d16 |
||
| 300 | _aЗагл. и авт. ориг.: Life according to Maude/ by John Lund | ||
| 320 | _aДр. кн. авт. на [2]-й с. 1-й паг. | ||
| 454 | 0 |
_12001#$aLife according to Maude$fby John Lund _1700#1$aLund$bJ.$gJohn$4070 _tLife according to Maude _aLund, John |
|
| 700 | 1 |
_aЛанд _bД. _gДжон _4070 |
|
| 702 | 1 |
_aСтейн _bП. _gПитер _4570 |
|
| 801 | 0 |
_aRU _bNLR _c20070413 _gRCR |
|
| 801 | 1 |
_aRU _bNLR _c20070413 |
|
| 942 | _cBOOK | ||
| 980 | _aNB | ||